000 00410cam a2200169ua 4500
020 _c2.75
041 _amal
_h
082 _a894.812308
_bKUN/VE
100 _aKunjirama Menon , C .
245 _aVelluvakkammaran /
_cC Kunjirama Menon.
_hTextual Documents
260 _aCalicut :
_bP.K Brothers ,
_c1961.
300 _a226 ; .
365 _a2.75
504 _a
942 _cBK
999 _c4576
_d4576